Madrigales / (Record no. 131772)

MARC details
000 -LEADER
campo de control de longitud fija 00693nam a2200205 4500
001 - NÚMERO DE CONTROL
campo de control 131772
003 - IDENTIFICADOR DE NÚMERO DE CONTROL
campo de control ES-MaACL
005 - FECHA Y HORA DE LA ÚLTIMA TRANSACCIÓN
campo de control 20251122063124.0
007 - CAMPO FIJO DE DESCRIPCIÓN FÍSICA--INFORMACIÓN GENERAL
campo de control de longitud fija t|
008 - DATOS DE LONGITUD FIJA--INFORMACIÓN GENERAL
campo de control de longitud fija 070214s1917 sp r ||||1| spa d
080 ## - NÚMERO DE LA CLASIFICACIÓN DECIMAL UNIVERSAL
Número de la Clasificación Decimal Universal 821.134.2-14"19"
100 1# - ENTRADA PRINCIPAL--NOMBRE DE PERSONA
Nombre de persona Rodríguez Marín, Francisco,
Fechas asociadas al nombre 1855-1943
9 (RLIN) 98634
245 10 - MENCIÓN DEL TÍTULO
Título Madrigales /
Mención de responsabilidad, etc. de Francisco Rodríguez Marín.
250 ## - MENCION DE EDICION
Mención de edición 3ª ed., con la traducción latina en verso por el Rvdo. P. Jerónimo Córdoba.
260 ## - PUBLICACIÓN, DISTRIBUCIÓN, ETC.
Lugar de publicación, distribución, etc. Madrid :
Nombre del editor, distribuidor, etc. [s. n.],
Fecha de publicación, distribución, etc. 1917 (
Fabricante Tip. de la Revista de Arch. Bibl. y Museos)
300 ## - DESCRIPCIÓN FÍSICA
Extensión 65 p. ;
Dimensiones 25 cm.
700 1# - ENTRADA AGREGADA--NOMBRE PERSONAL
Nombre de persona Córdoba, Jerónimo.
9 (RLIN) 40540
852 ## - LOCALIZACIÓN
Ubicación ES-MaACL
Número de control de estantería 1519-F-15
Holdings
Estatus retirado Estado de pérdida Estado de daño No para préstamo Colección Biblioteca de origen Biblioteca actual Ubicación en estantería Fecha de adquisición Fuente de adquisición Total de préstamos Signatura topográfica completa Código de barras Visto por última vez Precio de reemplazo Tipo de ítem Koha
        Colección de folletos Biblioteca del Ateneo de Madrid Biblioteca del Ateneo de Madrid Depósito folletos 17/01/2008     1519-F-15 1137183 23/02/2023 23/02/2023 Folleto